| 000 | 00333nam a22001097a 4500 | ||
|---|---|---|---|
| 008 | 230621b xxu||||| |||| 00| 0 eng d | ||
| 082 |
_a328.30 _bCPA 1980 |
||
| 245 | _aSummary of Proceedings of the Twenty-Ninth Parliamentary Seminar | ||
| 260 |
_aLondon _bCommonwealth Parliamentary Association _c1980 |
||
| 300 | _a96p | ||
| 942 |
_2ddc _cBK |
||
| 999 |
_c2212 _d2212 |
||